Quality Control and Industrial Statistics /

Gespeichert in:
Bibliographische Detailangaben
1. Verfasser: Duncan, Acheson J (Verfasst von)
Format: Buch
Sprache:Englisch
Veröffentlicht: Illinois : Richard D.Irwin, 1965
Tags: Tag hinzufügen
Keine Tags, Fügen Sie das erste Tag hinzu!

MARC

LEADER 00000nam a22000003a 4500
001 stu35697
005 20150617225731.4
008 920430s1965----xxu-----------------eng-d
040 |a STU  |b slo 
041 0 |a eng 
044 |a xxu 
100 1 |a Duncan, Acheson J  |4 aut 
245 1 |a Quality Control and Industrial Statistics /  |c [aut.]Acheson J. Duncan 
260 |a Illinois :  |b Richard D.Irwin,  |c 1965 
300 |a 902 s 
996 |b 284M012447  |c M*5596-1  |l MMKN  |s A  |a 24  |w stu35697_0001